000 00291nam a2200133 i 4500
001 bg
100 1 _aKOZAK, S.
245 0 _aSieroctwo społeczne /
_cS. Kozak.
260 _aWarszawa,
_c1986.
040 _cBPK
041 _apol
942 _cKS
008 s pl f |000 0 pol
999 _c23157
_d23157
856 _uhttp://koha.tu.koszalin.pl/cgi-bin/koha/opac-detail.pl?biblionumber=23157
_yKatalog online BPK